Zdaňovanie príjmov z predaja nehnuteľností, hnuteľných vecí a z prenájmu po 1. 1. 2004
Nový zákon o dani z príjmov č. 595/2003 Z.z., ktorý nadobudol účinnosť od 1. 1. 2004, priniesol viaceré zmeny v oblasti zdaňovania príjmov u fyzických osôb. Ako zdaniť, resp. nezdaniť príjem z predaja nehnuteľnosti, hnuteľnej veci a príjem z prenájmu.
Salvato in:
| Autore principale: | |
|---|---|
| Natura: | Capitolo di libro |
| Lingua: | slovacco |
| Soggetti: | |
| Tags: |
Nessun Tag, puoi essere il primo ad aggiungerne!!
|
MARC
| LEADER | 00000naa$a2200000$$$4500 | ||
|---|---|---|---|
| 001 | 0006207 | ||
| 005 | 20230919094134.4 | ||
| 041 | 0 | |a slo | |
| 044 | |a SK | ||
| 245 | 1 | 0 | |a Zdaňovanie príjmov z predaja nehnuteľností, hnuteľných vecí a z prenájmu po 1. 1. 2004 |c aut. Marta Boráková |
| 520 | |a Nový zákon o dani z príjmov č. 595/2003 Z.z., ktorý nadobudol účinnosť od 1. 1. 2004, priniesol viaceré zmeny v oblasti zdaňovania príjmov u fyzických osôb. Ako zdaniť, resp. nezdaniť príjem z predaja nehnuteľnosti, hnuteľnej veci a príjem z prenájmu. | ||
| 610 | 2 | 0 | |a zdaňovanie |
| 610 | 2 | 0 | |a príjmy |
| 610 | 2 | 0 | |a dane z príjmov |
| 610 | 2 | 0 | |a dane z nehnuteľností |
| 610 | 2 | 0 | |a prenájom |
| 610 | 2 | 0 | |a 2004 |
| 100 | 1 | |a Boráková, Marta | |